Culture Générale - Série 2541 - Statistiques

Statistiques générales
  • Ce quiz a été pris 141 fois
  • Le résultat moyen est 6 sur 10
Statistiques - réponses
Question Réponse % Correct
Combien de temps a duré la présidence de François Mitterrand ? 14 ans
90%
Dans quel sport s’est illustrée Martina Navratilova ? tennis
86%
A quel philosophe doit-on le mythe de la caverne ? Platon
66%
Qui était la mère du chanteur Carlos ? prénom et nom Françoise Dolto
65%
Quel est la capitale du Laos ? Vientiane
65%
Qui est maire de Nice depuis 2008 ? prénom et nom Christian Estrosi
53%
Quel état des États-Unis a pour capitale Tallahassee ? Floride
45%
Quel état des États-Unis a pour capitale Montgomery ? Alabama
43%
À qui doit-on le roman « Le Meurtre de Roger Ackroyd » ? Agatha Christie
40%
Quel homme politique, ancien ministre des Affaires sociales sous Jacques Chirac, est décédé d’une crise cardiaque dans la nuit du 6 au 7 janvier 2010 ? prénom et nom - voir photo Philippe Séguin
25%
Aucun quiz correspondant
Distribution des résultats
% des personnes avec chaque résultat
Percentile par nombre de réponses
Votre historique - résultats
Vous n’avez pas pris ce quiz